[Event "Campeonato Navarro Absoluto Individual Fase Final"]
[Site "Residencia Fuerte del Príncipe"]
[Date "2016.05.07"]
[Round "8"]
[Board "7"]
[White "Lizuain Toni, Javier"]
[Black "Ortin Blanco, Ainhoa"]
[Result "1-0"]
[WhiteElo "1840"]
[BlackElo "2010"]
[PlyCount "139"]
[EventDate "2016.03.05"]
[EventRounds "8"]
[EventCountry "ESP"]

1. e4 c5 2. Nc3 Nc6 3. Bb5 Nd4 4. Bc4 a6 5. a4 e6 6. Nge2 b6 7. O-O Bb7 8. Re1
Be7 9. d3 d6 10. Nxd4 cxd4 11. Ne2 Bf6 12. Ng3 Ne7 13. Bb3 Ng6 14. f4 O-O 15.
f5 exf5 16. Nxf5 d5 17. Bxd5 Bxd5 18. exd5 Qxd5 19. Qf3 Qc5 20. Nh6+ Kh8 21.
Re2 Rac8 22. b3 Qc6 23. Qxc6 Rxc6 24. Ng4 Be7 25. Bb2 Bc5 26. Rae1 Bb4 27. Rf1
Rd6 28. Ne5 Nxe5 29. Rxe5 h6 30. Re7 Kg8 31. Re4 Bd2 32. Ba3 Rc6 33. Bxf8 Kxf8
34. Re2 Be3+ 35. Kh1 Rc3 36. g3 f6 37. Rf5 Ke7 38. Rd5 Kf7 39. Rd7+ Kg6 40. Rd6
Kf5 41. Rxb6 Kg4 42. Kg2 h5 43. Rxa6 h4 44. gxh4 Kxh4 45. Ra7 g6 46. Rh7+ Kg5
47. Rb7 Kf4 48. Rb5 Rc8 49. a5 Ra8 50. b4 f5 51. Rc5 Kg4 52. h3+ Kh4 53. Rc4
Kh5 54. c3 f4 55. cxd4 g5 56. d5 Rd8 57. a6 Rxd5 58. Rxe3 fxe3 59. a7 Rd8 60.
b5 Rf8 61. Rc2 g4 62. hxg4+ Kxg4 63. b6 Kf4 64. b7 Rg8+ 65. Kf1 Rh8 66. b8=Q+
Rxb8 67. axb8=Q+ Kf3 68. Qf8+ Kg3 69. Rg2+ Kh3 70. Qh8# 1-0

[Event "Campeonato Navarro Absoluto Individual Fase Final"]
[Site "Residencia Fuerte del Príncipe"]
[Date "2016.05.07"]
[Round "8"]
[Board "8"]
[White "Lerendegui Lasa, Odei"]
[Black "Sola Plaza, Gregorio"]
[Result "0-1"]
[WhiteElo "1908"]
[BlackElo "1945"]
[PlyCount "56"]
[EventDate "2016.03.05"]
[EventRounds "8"]
[EventCountry "ESP"]

1. e4 c5 2. c3 d5 3. exd5 Qxd5 4. d4 Nf6 5. Nf3 Bg4 6. Be2 e6 7. a3 Nc6 8. Be3
cxd4 9. cxd4 Be7 10. Nc3 Qd6 11. h3 Bh5 12. O-O O-O 13. Qd2 Nd5 14. Ne4 Qd8 15.
Rfd1 Rc8 16. Rac1 Qa5 17. Bg5 Qxd2 18. Rxd2 Bxg5 19. Nexg5 Nxd4 20. Rcd1 Nxe2+
21. Rxe2 h6 22. g4 Bg6 23. Ne4 Nf4 24. Re3 Nxh3+ 25. Kh2 Bxe4 26. Kxh3 Bd5 27.
Nd4 Rfd8 28. Nb5 Bg2+ 0-1

[Event "Campeonato Navarro Absoluto Individual Fase Final"]
[Site "Residencia Fuerte del Príncipe"]
[Date "2016.05.07"]
[Round "8"]
[Board "9"]
[White "Barberia Fernandez, Inaki"]
[Black "Hernandez Barricarte, Miguel A"]
[Result "1-0"]
[WhiteElo "1865"]
[BlackElo "1898"]
[PlyCount "111"]
[EventDate "2016.03.05"]
[EventRounds "8"]
[EventCountry "ESP"]

1. d4 Nf6 2. Bg5 e6 3. e4 h6 4. Bxf6 Qxf6 5. c3 d6 6. Bd3 e5 7. Ne2 g6 8. O-O
Bg7 9. f4 Qe7 10. Nd2 Bg4 11. Nf3 Nd7 12. h3 Bxf3 13. Rxf3 O-O-O 14. a4 f5 15.
exf5 e4 16. Re3 gxf5 17. Bc4 Nb6 18. Ba2 Kb8 19. a5 Na8 20. a6 b6 21. Bd5 Qd7
22. Qb3 Rhe8 23. Rg3 Re7 24. Rg6 Rde8 25. Qc4 c5 26. Bxa8 Kxa8 27. Qd5+ Kb8 28.
Rxd6 Qc7 29. dxc5 Qxc5+ 30. Qxc5 bxc5 31. Ra5 Rc7 32. Rd5 Re6 33. Rd8+ Rc8 34.
Rb5+ Kc7 35. Rxc8+ Kxc8 36. Rb7 Bf6 37. Rxa7 Kb8 38. Rb7+ Ka8 39. Rc7 Be7 40.
a7 e3 41. g3 h5 42. h4 Re4 43. Kg2 Re6 44. Kf3 Bd6 45. Rd7 Be7 46. Nc1 Bf6 47.
Rf7 Be7 48. Ke2 Kxa7 49. Nd3 Kb6 50. Ne5 Bd6 51. Rxf5 Bxe5 52. Rxe5 Rg6 53.
Rxe3 c4 54. Kf3 Kb5 55. Re5+ Ka4 56. Rc5 1-0

[Event "Campeonato Navarro Absoluto Individual Fase Final"]
[Site "Residencia Fuerte del Príncipe"]
[Date "2016.05.07"]
[Round "8"]
[Board "10"]
[White "Argaya Urdaniz, Miguel"]
[Black "Otano Villanueva, Joseba"]
[Result "1-0"]
[WhiteElo "1976"]
[BlackElo "1707"]
[PlyCount "81"]
[EventDate "2016.03.05"]
[EventRounds "8"]
[EventCountry "ESP"]

1. e4 e5 2. Nf3 Nc6 3. Bb5 a6 4. Ba4 Bc5 5. O-O b5 6. Bb3 Nge7 7. Ng5 d5 8.
exd5 Nd4 9. d6 Nxb3 10. dxe7 Qxe7 11. axb3 O-O 12. Qh5 Bf5 13. d3 Bg6 14. Qh4
Qd8 15. Nf3 Be7 16. Qg3 e4 17. dxe4 Bxe4 18. c3 h6 19. Bxh6 Bf6 20. Nbd2 Bd3
21. Rfe1 Re8 22. Rxe8+ Qxe8 23. Re1 Qc6 24. Bg5 b4 25. Bxf6 Qxf6 26. Qxc7 Rd8
27. Re7 Rf8 28. Qe5 Qh6 29. Qe3 Qd6 30. Nd4 Bg6 31. Nc4 Qf6 32. h3 Qh4 33. Nd6
Rd8 34. Re8+ Rxe8 35. Qxe8+ Kh7 36. Nxf7 Bxf7 37. Qxf7 bxc3 38. bxc3 Qh6 39. f4
Qb6 40. Kh2 Qc5 41. Qxg7+ 1-0

[Event "Campeonato Navarro Absoluto Individual Fase Final"]
[Site "Residencia Fuerte del Príncipe"]
[Date "2016.05.07"]
[Round "8"]
[Board "11"]
[White "Garisoain Ardanaz, Alvaro"]
[Black "Roldan Marques, Marta"]
[Result "1-0"]
[WhiteElo "1739"]
[BlackElo "1635"]
[PlyCount "81"]
[EventDate "2016.03.05"]
[EventRounds "8"]
[EventCountry "ESP"]

1. Nf3 d5 2. c4 d4 3. e3 Nc6 4. b4 dxe3 5. fxe3 Nxb4 6. Qa4+ Nc6 7. Ne5 Bd7 8.
Nxd7 Qxd7 9. d4 Nf6 10. Nc3 e6 11. Rb1 Bb4 12. Rxb4 Nxb4 13. Qxb4 Rb8 14. Be2
a6 15. O-O Qd6 16. c5 Qd7 17. Bxa6 O-O 18. Bb5 Qd8 19. a4 Nd5 20. Qb3 c6 21.
Be2 Qa5 22. Nxd5 exd5 23. Bb2 Qd2 24. Kf2 Qa5 25. Bc3 Qc7 26. Kg1 Qe7 27. Be1
Rfe8 28. Rf3 Ra8 29. Bg3 Ra7 30. Qb4 Qe4 31. a5 Qc2 32. Kf2 Qa2 33. a6 Rxa6 34.
Qxb7 Ra7 35. Qxc6 Rae7 36. Bd6 Re6 37. Qd7 f6 38. c6 Qd2 39. Bf4 g5 40. c7 gxf4
41. Qxe6+ 1-0

[Event "Campeonato Navarro Absoluto Individual Fase Final"]
[Site "Residencia Fuerte del Príncipe"]
[Date "2016.05.07"]
[Round "8"]
[Board "12"]
[White "Alfonso Abrego, Santiago"]
[Black "Ortin Blanco, Inigo"]
[Result "0-1"]
[WhiteElo "1797"]
[BlackElo "2047"]
[PlyCount "46"]
[EventDate "2016.03.05"]
[EventRounds "8"]
[EventCountry "ESP"]

1. e4 e5 2. Bc4 Nf6 3. d4 exd4 4. Nf3 Nc6 5. Ng5 d5 6. exd5 Qe7+ 7. Kf1 Ne5 8.
Qxd4 Bf5 9. Bf4 Nfd7 10. Nc3 O-O-O 11. Re1 f6 12. Qxa7 Qb4 13. Ba6 bxa6 14. Nf7
Qc4+ 15. Kg1 Nxf7 16. d6 Bxd6 17. Bxd6 cxd6 18. Qa8+ Nb8 19. Nd5 Rhe8 20. Ne3
Be4 21. Qa7 Bb7 22. h3 Nc6 23. Kh2 Qf4+ 0-1

[Event "Campeonato Navarro Absoluto Individual Fase Final"]
[Site "Residencia Fuerte del Príncipe"]
[Date "2016.05.07"]
[Round "8"]
[Board "13"]
[White "Ochoa Aldaz, Mikel"]
[Black "Martinez Zazo, Jesus"]
[Result "1/2-1/2"]
[WhiteElo "1704"]
[BlackElo "1783"]
[PlyCount "177"]
[EventDate "2016.03.05"]
[EventRounds "8"]
[EventCountry "ESP"]

1. e4 e5 2. Nf3 Nc6 3. Bb5 d6 4. d4 exd4 5. Nxd4 Bd7 6. O-O Nf6 7. Nc3 Be7 8.
Re1 O-O 9. Bc4 a6 10. a4 Ne5 11. Bd3 Nxd3 12. Qxd3 h6 13. h3 c6 14. Nf5 Bxf5
15. exf5 Nh7 16. Qg3 Bg5 17. Bxg5 Nxg5 18. Ne4 Nxe4 19. Rxe4 Qf6 20. c3 d5 21.
Rg4 Rae8 22. Qd3 Re5 23. Rf4 Rfe8 24. Rf1 c5 25. b4 c4 26. Qd4 Rxf5 27. Qxf6
Rxf6 28. Rxf6 gxf6 29. Rd1 Rd8 30. Kf1 Kf8 31. Rd4 Ke7 32. Ke2 Ke6 33. Rh4 Rg8
34. g3 Rg6 35. Ke3 f5 36. Kd4 Rf6 37. Rf4 Kd6 38. g4 Re6 39. gxf5 Re2 40. Rh4
Rd2+ 41. Ke3 Rd3+ 42. Ke2 Rxc3 43. Rxh6+ Ke5 44. Rh7 Rb3 45. Rxf7 Rxb4 46. Rd7
d4 47. f6 d3+ 48. Kd2 Kxf6 49. a5 b5 50. axb6 Rxb6 51. Kc3 Rc6 52. Rd5 Ke6 53.
Rg5 Rd6 54. Kd2 Kf6 55. Rc5 Rd4 56. f3 a5 57. Rxa5 c3+ 58. Kxc3 d2 59. Kxd4
d1=Q+ 60. Kc4 Qxf3 61. Rd5 Qxh3 62. Rd6+ Ke5 63. Rd5+ Ke6 64. Rd4 Qf1+ 65. Kc5
Qc1+ 66. Rc4 Qa3+ 67. Kd4 Qa7+ 68. Ke4 Qb6 69. Rd4 Qc5 70. Kd3 Ke5 71. Rc4 Qf2
72. Re4+ Kd5 73. Re3 Qf5+ 74. Kc3 Kc5 75. Rd3 Qe4 76. Kd2 Kc4 77. Re3 Qf4 78.
Ke2 Kd4 79. Rf3 Qg4 80. Kf2 Ke4 81. Ra3 Qd1 82. Re3+ Kf4 83. Re2 Qd4+ 84. Kg2
Kg4 85. Rf2 Qe4+ 86. Kh2 Qe3 87. Kh1 Kg3 88. Rg2+ Kf3 89. Rg3+ 1/2-1/2

[Event "Campeonato Navarro Absoluto Individual Fase Final"]
[Site "Residencia Fuerte del Príncipe"]
[Date "2016.05.07"]
[Round "8"]
[Board "15"]
[White "Pedchenko, Alex"]
[Black "Arana Oloron, Roberto"]
[Result "1-0"]
[WhiteElo "1674"]
[BlackElo "1743"]
[PlyCount "103"]
[EventDate "2016.03.05"]
[EventRounds "8"]
[EventCountry "ESP"]

1. d4 f5 2. Bf4 Nf6 3. e3 b6 4. Nf3 Bb7 5. Bd3 e6 6. h3 Nc6 7. c3 Be7 8. Nbd2
O-O 9. Qc2 d6 10. Bc4 Qd7 11. Bb3 Na5 12. Ba4 b5 13. Bb3 c5 14. a4 c4 15. Ba2
a6 16. b4 cxb3 17. Nxb3 Nc4 18. Nfd2 Nxd2 19. Qxd2 Ne4 20. Qb2 Rfc8 21. Rc1 Bc6
22. axb5 Bxb5 23. c4 Ba4 24. O-O g5 25. Bg3 h5 26. c5 Rab8 27. Qa1 Nxg3 28.
fxg3 g4 29. Nd2 d5 30. Qc3 Bb5 31. Rf2 h4 32. gxh4 g3 33. Rf4 Qd8 34. Nf3 Bd6
35. Ne5 Bxe5 36. dxe5 Qe7 37. Qd4 Rc7 38. Rf3 Rbc8 39. Rxg3+ Kh7 40. Qd1 Qxh4
41. Qe1 Qe4 42. Qd1 Qh4 43. Qe1 Qh6 44. Qb4 Bd3 45. c6 Bb5 46. Rf3 Qg5 47. Kh2
Rxc6 48. Rxc6 Rxc6 49. Rg3 Qd8 50. Qf4 Qc7 51. Qg5 Qg7 52. Qxg7# 1-0

[Event "Campeonato Navarro Absoluto Individual Fase Final"]
[Site "Residencia Fuerte del Príncipe"]
[Date "2016.05.07"]
[Round "8"]
[Board "16"]
[White "Gonzalez Pabollet, Jesus Maria S"]
[Black "Sancinena Arpide, Juan"]
[Result "1-0"]
[WhiteElo "1887"]
[BlackElo "1605"]
[PlyCount "101"]
[EventDate "2016.03.05"]
[EventRounds "8"]
[EventCountry "ESP"]

1. b3 e5 2. Bb2 Nc6 3. e3 d5 4. Bb5 Bd6 5. f4 Qh4+ 6. g3 Qe7 7. Nf3 Bg4 8. fxe5
Bxe5 9. Nc3 Nf6 10. O-O O-O 11. Qc1 Bxf3 12. Rxf3 d4 13. Ne2 dxe3 14. d4 Bd6
15. Rxe3 Qd7 16. Qd2 a6 17. Bd3 Rae8 18. Rf1 Rxe3 19. Qxe3 Re8 20. Qg5 Qg4 21.
Qxg4 Nxg4 22. Bc4 Re7 23. Bc1 b5 24. Bd5 Nb4 25. Bf3 Ne3 26. Bxe3 Rxe3 27. Kf2
Re7 28. c4 c5 29. cxb5 axb5 30. Rd1 g6 31. Nc3 cxd4 32. Nxb5 Bc5 33. Rd2 d3+
34. Kg2 Be3 35. Rb2 Bc1 36. Rf2 d2 37. Nc3 Re1 38. a4 Re8 39. Re2 Rd8 40. Re5
Nd3 41. Rd5 Rxd5 42. Bxd5 Nc5 43. a5 Nd7 44. a6 Nb6 45. a7 Bb2 46. Nd1 Na8 47.
Bxa8 Bd4 48. Kf3 Bxa7 49. Ke2 Bg1 50. h3 Bh2 51. Kf2 1-0

[Event "Campeonato Navarro Absoluto Individual Fase Final"]
[Site "Residencia Fuerte del Príncipe"]
[Date "2016.05.07"]
[Round "8"]
[Board "17"]
[White "Zaratiegui Cardesa, Jose"]
[Black "Ortega Villa, Alex"]
[Result "0-1"]
[WhiteElo "1740"]
[BlackElo "1639"]
[PlyCount "108"]
[EventDate "2016.03.05"]
[EventRounds "8"]
[EventCountry "ESP"]

1. d4 Nf6 2. c4 c5 3. d5 b5 4. cxb5 a6 5. bxa6 g6 6. g3 Bxa6 7. Bg2 d6 8. Nf3
Bg7 9. Nc3 O-O 10. O-O Nbd7 11. Re1 Qa5 12. e4 Rfb8 13. Qc2 Ne8 14. Bd2 c4 15.
Be3 Nc5 16. Bxc5 Qxc5 17. e5 Nc7 18. exd6 exd6 19. Ng5 Bc8 20. Re7 Bf5 21. Qe2
h6 22. Nge4 Qb6 23. Qxc4 Bxe4 24. Bxe4 Rc8 25. Qe2 Kf8 26. Bg2 Bf6 27. Re4 Na6
28. Rc4 Rxc4 29. Qxc4 Qxb2 30. Rd1 Qxc3 31. Qf4 Qe5 32. Qa4 Qe2 33. Bf1 Qe8 34.
Qf4 Qd8 35. Qxh6+ Bg7 36. Qf4 Nc5 37. Bc4 Qf6 38. Qg4 Kg8 39. h4 Re8 40. Bb5
Re7 41. a4 Ne4 42. Rf1 Re5 43. Bc6 Nd2 44. Rd1 Nf3+ 45. Kg2 Rf5 46. a5 Nd4 47.
Rd2 Nb3 48. Ra2 Nxa5 49. Rxa5 Rxf2+ 50. Kh3 Rd2 51. Ra8+ Kh7 52. Bb5 Qf2 53.
Qc8 Qg2+ 54. Kg4 Rd4+ 0-1

[Event "Campeonato Navarro Absoluto Individual Fase Final"]
[Site "Residencia Fuerte del Príncipe"]
[Date "2016.05.07"]
[Round "8"]
[Board "18"]
[White "Sola Garate, Roberto"]
[Black "Donazar Garayoa, Miguel"]
[Result "0-1"]
[WhiteElo "1595"]
[BlackElo "1675"]
[PlyCount "78"]
[EventDate "2016.03.05"]
[EventRounds "8"]
[EventCountry "ESP"]

1. e4 e6 2. d4 d5 3. Nd2 dxe4 4. Nxe4 Nf6 5. Ng3 c5 6. Nf3 Nc6 7. Ne2 Be7 8. g3
O-O 9. Bg2 Qb6 10. dxc5 Bxc5 11. O-O Rd8 12. Qe1 Nb4 13. Qc3 Ng4 14. h3 Nxf2
15. Kh2 Ne4 16. Qb3 Bd6 17. Bf4 Bxf4 18. Nxf4 Qc5 19. c4 Bd7 20. a3 Nc6 21. Qd3
Nf6 22. b4 Qb6 23. c5 Qc7 24. Qc3 a6 25. a4 Ne7 26. Ne5 Be8 27. Rfe1 Rac8 28.
Qb2 Nfd5 29. Nh5 f6 30. Nxg7 Kxg7 31. Ng4 e5 32. Qf2 Bd7 33. Qf3 Bxg4 34. Qxg4+
Ng6 35. h4 Kh8 36. h5 Nf8 37. h6 Qf7 38. Be4 Ng6 39. Rf1 Ne3 0-1

[Event "Campeonato Navarro Absoluto Individual Fase Final"]
[Site "Residencia Fuerte del Príncipe"]
[Date "2016.05.07"]
[Round "8"]
[Board "19"]
[White "Monroy Ostivar, Alejandro"]
[Black "Martinez Bernardo, Aitor"]
[Result "0-1"]
[WhiteElo "1412"]
[BlackElo "1763"]
[PlyCount "138"]
[EventDate "2016.03.05"]
[EventRounds "8"]
[EventCountry "ESP"]

1. e4 e5 2. Nf3 d6 3. d3 Nf6 4. Be2 Be7 5. O-O O-O 6. Nbd2 Re8 7. c4 Nc6 8. Nb3
h6 9. h3 Bf8 10. Be3 g6 11. a3 Bg7 12. Qc2 Kh7 13. Nh2 Be6 14. Rab1 Qd7 15. Qd1
Ng8 16. f4 exf4 17. Bxf4 Nd4 18. Be3 Nxe2+ 19. Qxe2 b5 20. Nd4 bxc4 21. dxc4
Nf6 22. Qd3 Qa4 23. Rfc1 Bd7 24. Nb5 Bxb5 25. cxb5 Qxe4 26. Qxe4 Rxe4 27. Bf2
Nd5 28. Ng4 h5 29. Rd1 Nb6 30. Ne3 Re5 31. Rdc1 Re7 32. Nc2 a6 33. Bxb6 cxb6
34. bxa6 Rxa6 35. Nb4 Ra8 36. Nd5 Rd7 37. Rc7 Rxc7 38. Nxc7 Rc8 39. Nd5 b5 40.
Nb4 Rd8 41. Nc6 Rd7 42. b3 Rc7 43. Nb4 Ra7 44. Nc2 d5 45. b4 Rc7 46. Ne1 Rc3
47. Rd1 d4 48. Rd3 Kg8 49. Rxc3 dxc3 50. Kf2 Kf8 51. Ke2 Ke7 52. Nf3 Bf6 53.
Kd3 Kd6 54. Ng1 g5 55. Ne2 Kd5 56. Nxc3+ Bxc3 57. Kxc3 f5 58. Kd3 g4 59. hxg4
fxg4 60. Ke3 Kc4 61. Kf4 Kb3 62. Kg5 Kxa3 63. Kxh5 Kxb4 64. Kxg4 Kc3 65. Kf3 b4
66. g4 b3 67. g5 b2 68. g6 b1=Q 69. g7 Qh7 0-1